Top 10 Città più popolose Provincia di Pesaro e Urbino - Statistics

Statistiche generali
  • Questo quiz è stato fatto 27 volte
  • Il punteggio medio è 5 su 10
Statistiche sulle risposte
Popolazione (ab.) Città % Corretto
95 923 Pesaro
100%
15 501 Urbino
100%
60 925 Fano
90%
9 858 Fossombrone
50%
9 013 Cagli
30%
11 735 Mondolfo
25%
7 866 Tavullia
25%
14 814 Vallefoglia
25%
12 166 Colli al Metauro
20%
8 615 Fermignano
15%
Nessun quiz corrispondente trovato
Distribuzione punteggi
Percentuale di utenti per punteggio
Percentile per numero di risposta
I tuoi punteggi nel tempo
Non hai fatto questo quiz